| 000 | 00354nam a22001457a 4500 | ||
|---|---|---|---|
| 003 | SGT | ||
| 020 | _a0143062123 | ||
| 082 |
_a320.954 _bT05J |
||
| 100 | _aJALAN, BIMAL | ||
| 245 | _aTHE FUTURE OF INDIA: POLITICS, ECONOMICS & GOVERNANCE | ||
| 260 |
_bPENGUIN BOOKS RANDOM HOUSE _c2005 |
||
| 300 | _a212 | ||
| 650 | _aPOLITICAL SCIENCE | ||
| 942 |
_2ddc _cBK |
||
| 999 |
_c28716 _d28716 |
||